000 00346 a2200157 4500
001 169141
020 _a
040 _cMagnum
100 _aFaria, Ana Lucia Goulart de
240 1 0 _aEducacao pre-escolar e cultura
_lpor
245 1 0 _aEducacao pre-escolar e cultura
362 0 _a1899
440 1 _aCortez
697 _aENSINO
942 _cBK
999 _c169141
_d169141